000 00666nam a2200241Ia 4500
003 OSt
005 20220928124529.0
006 a|||||r|||| 00| 0
007 ta
008 220927b |||||||| |||| 00| 0 eng d
024 _a69125
037 _cTextual
040 _aSDCL
_cSDCL
_beng
041 _2eng
_aeng
082 _aX:57, P5
100 _aDegrauwe Paul Ed.
_9434706
245 0 _aExchange rate economics
_bWhere do we stand?
260 _aCambridge
_bMassachusetts Institute of Technology
_c2005
300 _axvi,347p
_ccm.
650 _aForeign Exchange
942 _hX:57, P5
_cTEXL
_2CC
999 _c778987
_d778987